000 00694nam a2200205 a 4500
005 20140414132103.0
008 100722s19uu xx 00 eng d
020 _a9781595665621
050 _aM 598
_bH84 2008
100 _aHuggins-Cooper, Lynn.
245 _aBeastly birds and bats.
260 _aMankato, Minn :
_bQEB pub,
_c2008.
300 _a32 p.
440 _aAwesome animals
500 _aIncludes index.
520 _a"Describes unusual species of birds and their unique features and behaviors that help them adapt to their habitats"--Provided by publisher.
650 _aBirds --Juvenile literature.
650 _a Birds --Behavior --Juvenile literature.
999 _c114513
_d114513